Normal view
MARC view
Entry Personal Name
001 - CONTROL NUMBER
- control field: 11536
003 - CONTROL NUMBER IDENTIFIER
- control field: BD-RjUL
005 - DATE AND TIME OF LATEST TRANSACTION
- control field: 20240207124831.0
008 - FIXED-LENGTH DATA ELEMENTS
- fixed length control field: 240207|| aca||aabn | a|a d
040 ## - CATALOGING SOURCE
- Original cataloging agency: BD-RjUL
- Transcribing agency: BD-RjUL
100 ## - HEADING--PERSONAL NAME
- Personal name: Richter, Hans Werner
670 ## - SOURCE DATA FOUND
- Source citation: Work cat.: (BD-RjUL)82994: Richter, Hans Werner, Beyond defeat /, 1960